| 000 | 00616nam a2200229Ia 4500 | ||
|---|---|---|---|
| 000 | nam a22 i 4500 | ||
| 001 | UNACH-13024 | ||
| 007 | ta | ||
| 008 | 221212s ||||fr|||| 00| | spa d | ||
| 041 | 0 | _aspa | |
| 082 | 0 | 4 |
_a050 _bPublicaciones seriadas generales |
| 245 | 1 | 0 | _aLA UTOPÍAS |
| 264 | 3 | 1 |
_a[Madrid] : _aEspaña : _bSalvat Editores, _c[Fecha de publicación no identificada] |
| 300 | _a134 páginas | ||
| 336 |
_atexto _btxt _2rdacontent |
||
| 337 |
_ano mediado _bn _2rdamedia |
||
| 338 |
_avolumen _bnc _2rdacarrier |
||
| 505 | 0 | _aLECTURA | |
| 650 | 1 | 4 | _aLECTURA |
| 942 |
_2ddc _c1 _n0 |
||
| 999 |
_c9962 _d9962 |
||